skbl

Dr Suryya Kumar Bhuyan Library Web-OPAC
ডঃ সূৰ্য্য
কুমাৰ ভূঞা পুথিভঁৰাল ৱেব-অ'পেক

All Research Scholars are advised to clear the annual library fees to continue using Library Resources, Remote Access, Plagiarism Test and Library Clearance.

Cotton University Book Fair 2026

Democracy Beyond Borders; Justice and Representation in Global Institution / (Record no. 42999)

MARC details
000 -LEADER
fixed length control field 00498nam a2200169Ia 4500
001 - CONTROL NUMBER
control field 43033
008 - FIXED-LENGTH DATA ELEMENTS--GENERAL INFORMATION
fixed length control field 180905s2006 ii g b000 u 903 u
082 ## - DEWEY DECIMAL CLASSIFICATION NUMBER
Classification number 321.4
100 ## - MAIN ENTRY--PERSONAL NAME
Personal name Kuper, Andrew .
245 #0 - TITLE STATEMENT
Title Democracy Beyond Borders; Justice and Representation in Global Institution /
Statement of responsibility, etc. Andrew Kuper.
Medium Textual Documents
250 ## - EDITION STATEMENT
Edition statement ist ed /
260 ## - PUBLICATION, DISTRIBUTION, ETC.
Place of publication, distribution, etc. Bombay :
Name of publisher, distributor, etc. Oxford University Press ,
Date of publication, distribution, etc. 2006.
300 ## - PHYSICAL DESCRIPTION
Extent 228pg ;
Dimensions 23cm.
653 ## - INDEX TERM--UNCONTROLLED
Uncontrolled term Democracy
653 ## - INDEX TERM--UNCONTROLLED
Uncontrolled term PG-Pol Sc
942 ## - ADDED ENTRY ELEMENTS (KOHA)
Source of classification or shelving scheme Dewey Decimal Classification
Koha item type Books
Holdings
Withdrawn status Lost status Damaged status Not for loan Home library Current library Date acquired Coded location qualifier Total checkouts Full call number Barcode Date last seen Copy number Price effective from Koha item type
        Dr. Suryya Kumar Bhuyan Library Dr. Suryya Kumar Bhuyan Library 01/02/2012 00000   321.4 Ku 958 De 622/Pol.Sc 14/01/2024 1 01/02/2012 Books

Designed and Maintained by Team SKBL
©1901-2026

Powered by Koha